000 01835nam a2200325 i 4500
001 000002703
003 DO-SdBNP
005 20250303114208.0
007 ta
008 090703s2002 dr r 000 0 spa d
040 _aDO-SdBNP
_bspa
_cBNPHU
_erda
082 4 _a174.3
_bG633e
_222
100 1 _aGómez, Wilson,
_98532
_eautor
245 1 0 _aÉtica del profesional del derecho /
_cWilson Gómez ; prólogo, Luis A. Schéker Ortiz.
264 _aSanto Domingo :
_bClaridad,
_c2002.
300 _a286 páginas ;
_c22 cm.
336 _2rdacontent
_atexto
_btxt
337 _2rdamedia
_asin mediación
_bn
338 _2rdacarrier
_avolumen
_bnc
500 _aIncluye datos biográficos del autor en la contracubierta
504 _aBibliografía : p. 283-286.
505 0 _aPrólogo /
_rLuis A. Schéker Ortiz --
_tNociones generales --
_tLa abogacía --
_tEl colegio y otras agrupaciones de abogados --
_tDeberes y responsabilidades del abogado --
_tEl secreto profesional --
_tEl abogado ante la sociedad --
_tEl derecho disciplinario --
_tEl tribunal disciplinario del Colegio de Abogados de la República --
_tLa competencia del tribunal disciplinario --
_tProcedimiento ante el tribunal disciplinario --
_tLa apelación en materia disciplinaria --
_tLa Suprema Corte de Justicia como instancia de alzada en materia disciplinaria --
_tLa enseñanza del derecho en la República Dominicana --
_tLa ética del Juez y el Ministerio Público --
_tÉtica del notario --
_tLa jurisprudencia disciplinaria --
_tAnexos --
_tBibliografía.
590 _aInventariado, 2018/MFF
650 4 _aAbogados
_xResponsabilidad profesional
_9841
650 4 _aÉtica legal
_zRepública Dominicana
_98533
650 0 _aÉtica profesional
_9751
700 1 _aSchéker Ortiz, Luis A. ,
_eprólogo
_98534
910 _aValidado. Control de calidad EMS
942 _2ddc
_cLBS1
999 _c2539
_d2539